Представление документа в формате MARC21

Поле Инд. ПП Название Значение
Тип записи a
Библиографический уровень m
001 Контрольный номер RU/LIBMSTU/419507618
005 Дата корректировки 20250409122157.2
020 00 a ISBN 5-85554-153-3
c Цена, тираж 7000-00
084 a Индекс другой классификации/Индекс ББК 88.5+65.050+83.7
090 a Полочн. индекс 88
x Авторский знак С 50
100 10 a Автор Смелкова З. С.
245 00 a Заглавие Деловой человек: культура речевого общения
b Продолж. заглавия пособие и словарь-справочник
260 00 a Место издания Москва
b Издательство КУбК-а
c Дата издания 1997
300 00 a Объем 192 с.
650 _4 a Основная рубрика Деловое общение-Словари
653 00 a Ключевые слова Деловая риторика
653 00 a Ключевые слова Культура речи
653 00 a Ключевые слова Речевой этикет
653 00 a Ключевые слова Деловая переписка
653 00 a Ключевые слова Деловые переговоры
901 t Тип документа m